Statystyki dla Pokémony i ich ewolucje (Alola)

Kliknij tutaj aby rozwiązać quiz!

Ogólne statystyki

  • Ten quiz został rozwiązany 9 razy
  • Średni wynik to 8 z 15

Statystyki odpowiedzi

PokémonEwolucja% Poprawnych
WimpodGolisopod
75%
YungoosGumshoos
75%
MudbrayMudsdale
75%
PoipoleNaganadel
75%
Salandit♀Salazzle
75%
Type: NullSilvally
75%
StuffulBewear
50%
CrabrawlerCrabominable
50%
CutieflyRibombee
50%
MareanieToxapex
50%
FomantisLurantis
38%
SandygastPalossand
38%
MorelullShiinotic
38%
DewpiderAranquanid
0%
RockruffLycancroc
0%

Rozkład punktacji

Percentyl według liczby udzielonych odpowiedzi

Procent ludzi z każdym wynikiem

Twoja historia wyników

Nie rozwiązałeś tego quizu